000 00416cam a22001337a 4500
008 180718b1996 xxu||||| |||| 00| 0 eng d
082 _aA81x54 91/33/4B/2
100 _aCensus of India 1991
245 _aPondicherry: religion
260 _aNew Delhi
_bThe Controller of Publications
_c1996
300 _a34p.
440 _aCensus of India 1991. Series-33, Pondicherry. Part-IV B (ii)
500 _aContents: Table C-7
999 _c482297
_d482297